000 01593nam a22004337a 4500
001 000095650
003 CHAP
005 20220329143119.0
008 060428d2006 mx d r 00110 spa d
010 _a92116
011 _a93088
035 _a103659
040 _cCHAP
090 _aTesis
100 1 _aVázquez Pérez, Gilberto Salvador.
_9120470
245 1 3 _aLa producción ovina en la Sierra de Huautla, Morelos /
_c/por Gilberto Salvador Vázquez Pérez.
260 _aChapingo, Méx. :
_bEl autor,
_c2006.
300 _a76 h. :
_bgráfs. ; cuadros.
502 _aTesis (Ing. Agr. Esp. en Zootecnia) -- UACH. Departamento de Zootecnia
590 _aALEPH
_b10
_c20130110
_lUCH01
_h1511
590 _aBATCH-UPD
_b10
_c20130110
_lUCH01
_h0723
590 _aBATCH-UPD
_b10
_c20130410
_lUCH01
_h0407
590 _aBATCH-UPD
_b10
_c20130914
_lUCH01
_h1514
590 _aBATCH-UPD
_b10
_c20140324
_lUCH01
_h1456
590 _aBATCH-UPD
_b10
_c20141002
_lUCH01
_h0830
590 _aCONVERSION
_b10
_c20130109
_lUCH01
_h1351
590 _aE11695DGD
_b10
_c20130531
_lUCH01
_h1052
650 1 4 _aGanado lanar
_xAlimentación.
_945153
650 1 4 _aGanado lanar
_xNutrición.
_945205
650 1 4 _aGanado lanar
_xPeso.
_945211
650 1 4 _aGanado lanar
_xProducción.
_945214
856 _3Finding aid
_uhttp://10.13.5.2/tesis/103659.pdf
_zTeclea aquí
901 _aBK
905 _aMarco A. Mendoza T.
942 _cCD
942 _n0
949 _aTesis
_bBC
_cTES
_d00000001036591
_eTS1
_gDonaciØn
_h45097
_i103659
_sb
949 _aTesis
_bBC
_cTES
_d33724000997946
_eTS2
_fc.2
_gDonaciØn
_h45098
_i103659
_sb
999 _c92116
_d92116